00000000cam 2200000zi 4500
0019.958775
003CaOODSP
00520260106161112
006m     o  d f      
007cr |n|||||||||
008260106s1997    oncd    o    f|0| 0 fre d
040 |aCaOODSP|bfre|erda|cCaOODSP
043 |an-cn---
0861 |aEn40-565/1-1998F-PDF
24500|aProtocole de Montréal, 1987-1997 : |bavantages et coûts mondiaux du Protocole de Montréal relatif à des substances qui appauvrissent la couche d'ozone.
24613|aProtocole de Montréal Protocol, 1987-1997 : |bavantages et coûts mondiaux du Protocole de Montréal relatif à des substances qui appauvrissent la couche d'ozone
264 1|a[Ottawa] : |bEnvironnement Canada = Environment Canada, |c[1997]
300 |a1 ressource en ligne (vi, 70 pages) : |bgraphiques
336 |atexte|btxt|2rdacontent/fre
337 |ainformatique|bc|2rdamedia/fre
338 |aressource en ligne|bcr|2rdacarrier/fre
500 |aÉdition numérisée de l’imprimé [par Environnement et changement climatique Canada].
650 6|aOzone atmosphérique|xRéduction|xCoopération internationale|xAspect économique.
650 6|aCouche d'ozone|xRéduction|xCoopération internationale.
650 0|aAtmospheric ozone|xReduction|xInternational cooperation|xEconomic aspects.
650 0|aOzone layer depletion|xInternational cooperation.
7101 |aCanada. |bEnvironnement Canada, |eorganisme de publication.
7760#|tProtocole de Montréal, 1987-1997 : |w(CaOODSP)9.680852
85640|qPDF|s4.60 Mo|uhttps://publications.gc.ca/collections/collection_2026/eccc/en40/En40-565-1-1998-fra.pdf